Welcome to the Holygrace Academy Library

Please use search bar below to get started

THE DIARY OF A WIMPY KID (Record no. 6161)

MARC details
000 -LEADER
fixed length control field 00702nam a22001217a 4500
020 ## - INTERNATIONAL STANDARD BOOK NUMBER
ISBN 978-0-141-34515-4
082 ## - DEWEY DECIMAL CLASSIFICATION NUMBER
Classification number 823
Item number KIN/D
100 ## - MAIN ENTRY--AUTHOR NAME
Personal name KINNEY, JEFF
245 ## - TITLE STATEMENT
Title THE DIARY OF A WIMPY KID
Remainder of title MOVIE DIARY
520 ## - SUMMARY, ETC.
Summary, etc Middle school is not an enjoyable experience for preteen Greg Heffley (Zachary Gordon) but a horrid ordeal of social land-mines that he must bear. To do so, he devises schemes to win him the recognition and status he feels he deserves -- all of which fail miserably. Greg chronicles his misadventures, thoughts and opinions in a diary to prepare for the day that he will no longer have to put up with nonsense.
650 ## - SUBJECT ADDED ENTRY--TOPICAL TERM
Topical Term YOUNG ADULT COMEDY FICTION
Geographic subdivision UNITED KINGDOM
942 ## - ADDED ENTRY ELEMENTS (KOHA)
Koha item type Books
Holdings
Withdrawn status Lost status Collection code Home library Current library Shelving location Date acquired Source of acquisition Full call number Accession Number Koha item type
    Fiction Main Library Main Library SHELF 15 H-HARRY POTTER(CHARACTERISATION),WIMPY KID,DORK DIARIES 07/04/2016 purchase 823 KIN/D 09830 Books
    Fiction Main Library Main Library SHELF 15 H-HARRY POTTER(CHARACTERISATION),WIMPY KID,DORK DIARIES 05/09/2012 purchase 823 KIN/D 06408 Books
Withdrawn Damaged Item Fiction Main Library Main Library   05/09/2012   823 KIN/D 06403 Books